MARC

LEADER 00000nam0a2200000 4500
001 365210
005 20231102011749.0
035 |a (RuTPU)RU\TPU\retro\22573 
090 |a 365210 
100 |a 20211217d1981 m y0rusy50 ca 
101 0 |a rus 
102 |a RU 
105 |a a j 001zy 
200 1 |a Электронная и преобразовательная техника  |e учебник для вузов  |f С. Н, Засорин, В. А. Мицкевич, К. Г. Кучма 
210 |a Москва  |c Транспорт  |d 1981 
215 |a 320 с.  |c ил. 
320 |a Библиогр.: с. 309-310 
320 |a Темат. указ.: с. 311-316 
606 1 |a Электронная техника  |2 stltpush  |3 (RuTPU)RU\TPU\subj\20376  |9 45485 
606 1 |a Преобразовательная техника  |2 stltpush  |3 (RuTPU)RU\TPU\subj\51390  |9 69985 
610 1 |a учебники 
610 1 |a полупроводниковые вентили 
610 1 |a полупроводниковые диоды 
610 1 |a транзисторы 
610 1 |a тиристоры 
610 1 |a электровакуумные приборы 
610 1 |a газоразрядные приборы 
610 1 |a инверторы 
610 1 |a импульсные преобразователи 
610 1 |a автономные инверторы 
610 1 |a статические преобразователи 
610 1 |a системы управления 
675 |a 621.38(075.8)  |v 4 
675 |a 621.314(75.8)  |v 4 
700 1 |a Засорин  |b С. Н,  |g Сергей Николаевич 
701 1 |a Мицкевич  |b В. А.  |g Виктор Александрович 
701 1 |a Кучма  |b К. Г.  |g Калиник Георгиевич 
702 1 |a Засорин  |b С. Н.  |4 340 
801 1 |a RU  |b 63413507  |c 20211217 
942 |c BK